Giáo trình Hóa sinh học thể dục thể thao Sách dành cho Cao đẳng sư phạm

Guardado en:
Detalles Bibliográficos
Autor principal: Vũ, Thị Thanh Bình
Otros Autores: Quách Văn Tỉnh (Biên soạn), Lê Gia Vinh (Biên soạn)
Formato: Libro
Lenguaje:Vietnamese
Publicado: H. Đại học Sư phạm 2007
Materias:
Etiquetas: Agregar Etiqueta
Sin Etiquetas, Sea el primero en etiquetar este registro!
Thư viện lưu trữ: Mạng thư viện Đại học Đà Nẵng
LEADER 00914nam a2200301 4500
001 000013545
003 9887
005 20120316140313.0
008 120316s2007 viesd
041 0 |a vie 
082 |a 572.071  |b VU-B 
100 0 |a Vũ, Thị Thanh Bình 
245 0 |a Giáo trình Hóa sinh học thể dục thể thao  |b Sách dành cho Cao đẳng sư phạm  |c Vũ Thị Thanh Bình, Quách Văn Tỉnh, Lê Gia Vinh 
260 |a H.  |b Đại học Sư phạm  |c 2007 
300 |a 164 tr.  |c 24 cm 
653 |a Hóa sinh học 
653 |a Thể dục thể thao 
653 |a Giáo trình 
700 |a Quách Văn Tỉnh  |e Biên soạn 
700 |a Lê Gia Vinh  |e Biên soạn 
OWN |a LSP 
999 |a From the UDN01 
TYP |a Monograph 
TYP |a Printed language 
980 |a Mạng thư viện Đại học Đà Nẵng